000 00333nam a2200133Ia 4500
008 231017s9999 xx 000 0 und d
082 _a363.349NRC
082 _bNRC
245 0 _aPartnerships for reducing landslide risk
245 0 _cNational academy press
260 _bNational academy press
300 _c30cm
942 _cREP
999 _c605029
_d605029